000 00534nam a2200181Ia 4500
005 20250508160123.0
008 008 250505s9999 xx 000 0 eng d
037 _aTextual
040 _aFEDL
_beng
_cFEDL
041 _aeng
_2eng
084 _a649.1, FRO
_qFEDL
100 _aFromme Allan
_9758387
245 0 _aABC of child care: Originally published as the parents handbook
260 _aNew York, USA
_bDoubleday and Company
_c1956
300 _a352p.
942 _cTEXL
_h649.1, FRO
999 _c1361885
_d1361885